Oasis Top 20 Most Streamed - Statistics

General Stats
  • This quiz has been taken 3,099 times
    2,514 since last reset
  • The average score is 11 of 20
Answer Stats
Answer Streams % Correct
Wonderwall 2.1 billion
100%
Don't Look Back in Anger 943,7 million
95%
Champagne Supernova 425.8 million
86%
Live Forever 285.6 million
78%
Supersonic 183.1 million
77%
Slide Away 79.9 million
66%
Stop Crying Your Heart Out 375.7 million
66%
Stand By Me 264.3 million
63%
Morning Glory 82.2 million
57%
She's Electric 150.7 million
56%
Cigarettes and Alcohol 70.3 million
52%
Roll With It 75.4 million
49%
Some Might Say 87.1 million
47%
Half The World Away 140.2 million
45%
Whatever 106.3 million
43%
Little By Little 85.2 million
39%
Married with Children 76 million
39%
Don't Go Away 111.2 million
32%
Rock and Roll Star 77.4 million
24%
Songbird 76 million
22%
No matching quizzes found
Score Distribution
Percent of People with Each Score
Percentile by Number Answered
Your Score History
You have not taken this quiz since the last reset